Jordan ou Jackson - Devine le Michael - Statistiques

Statistiques générales
  • Ce quiz a été pris 162 fois
  • Le résultat moyen est 9 sur 15
Statistiques - réponses
Question Réponse % Correct
Quel Michael est un joueur de basketball états-unien? Jordan
98%
Quel Michael a marqué en moyenne 35 points par match dans la saison NBA de 1987-1988? Jordan
97%
Quel Michael est une vedette internationale? Les deux
92%
Quel Michael est accusé d'agression sexuelle sur mineur? Jackson
89%
Quel Michael est né il y a le plus longtemps? Jackson
86%
Quel Michael est mort? (en date du 7 janvier 2026) Jackson
76%
Quel Michael est né dans l'état de New York? Jordan
76%
Le père de quel Michael a été assassiné? Jordan
63%
Quel Michael est un taureau? Aucun
61%
Quel Michael est surnommé MJ? Les deux
47%
Quel Michael a un habit iconique rouge? Les deux
47%
Quel Michael est né le 31 février 1958? Aucun
43%
Quel Michael est né un dimanche? Jordan
28%
Quel Michael a été connu dans un groupe de cinq personnes? Les deux
23%
Quel Michael a le même nom et prénom qu'un acteur? Les deux
17%
Aucun quiz correspondant
Distribution des résultats
% des personnes avec chaque résultat
Percentile par nombre de réponses
Votre historique - résultats
Vous n’avez pas pris ce quiz